000 00320nam a22001457a 4500
008 230616b ||||| |||| 00| 0 eng d
020 _a9781891487743
041 _aeng
080 _a34
082 _a34CRO
100 _a30
101 _aJURE
245 _aCORRECTIONAL PERSPECTIVES
_cCROMWELL.F.P
942 _2udc
_cBK
999 _c60002
_d60002